Hands-on workshop on estimating and reporting : measurement uncertainty

Enregistré dans:
Détails bibliographiques
Auteur principal: Horníková, Adriana
Autres auteurs: Liu, Hung-Kung, Guthrie, Will
Format: Livre
Langue:anglais
Publié: Gaithersburg National Institute of Standards and Technology 2004
Sujets:
Tags: Ajouter un tag
Pas de tags, Soyez le premier à ajouter un tag!

MARC

LEADER 00000nam a2200000 4500
001 0147196
005 20240502083340.6
041 0 |a eng 
044 |a US 
245 1 0 |a Hands-on workshop on estimating and reporting : measurement uncertainty  |c Adriana Horníková, Hung-Kung Liu, Will Guthrie 
264 1 |a Gaithersburg  |b National Institute of Standards and Technology  |c 2004 
300 |a 102 s. [5,1 AH] 
610 2 0 |a pravdepodobnosť 
610 2 0 |a meranie 
610 2 0 |a metrológia 
610 2 0 |a metódy štatistické 
100 1 |a Horníková, Adriana 
700 1 |a Liu, Hung-Kung 
700 1 |a Guthrie, Will